La cultura democrática delos guatemaltecos en el nuevo siglo V estudio
Guardado en:
| Autor principal: | |
|---|---|
| Formato: | Libro |
| Lenguaje: | Spanish |
| Publicado: |
Guatemala
2002
|
| Etiquetas: |
Agregar Etiqueta
Sin Etiquetas, Sea el primero en etiquetar este registro!
|
MARC
| LEADER | 00000nam a22000007a 4500 | ||
|---|---|---|---|
| 003 | cru CRAI/IIS | ||
| 005 | 20190903162405.0 | ||
| 008 | 190903b2002 gt ||||| |||| 00| 0 spa d | ||
| 999 | |c 42315 |d 42315 | ||
| 040 | |a cru CRAI/IIS | ||
| 090 | |a 04.02.02 A996c | ||
| 100 | |4 Coordinadora |9 8501 |a Azpuru, Dinorah | ||
| 245 | |a La cultura democrática delos guatemaltecos en el nuevo siglo |b V estudio | ||
| 260 | |a Guatemala |c 2002 | ||
| 300 | |a 225 páginas | ||
| 942 | |2 ddc |c LI | ||
